000 00885nas a2200253 4500
001 BR8601388
003 BR-BrBNA
005 20231205090401.0
007 ta
008 230509b bl.|||p| |||| 00| 00por d
040 _aBR-BrBNA
_bpor
_cBiblioteca Nacional de Agricultura
041 _a(Pt)
072 _aL73
100 1 _aFerreiro, L.
245 1 _aBibliografia sobre micoses, micotoxicoses e micologia experimental em animais no Brasil
246 1 _a[Bibliography on mycoses, mycotoxins and experimental mycology of animals in Brazil]
650 _aMICOSE
650 _aANIMAL DOMESTICO
650 _aINTOXICACAO
650 _aMICOLOGIA
773 0 _tArquivos da Faculdade de Veterinaria da Universidade Federal do Rio Grande do Sul (Brazil)
_xISSN 0101-5230
_g(Dec 1984), v. 12 p. 139-160
_wBR8601388
909 _a202311
_bLúcia
_c55
_dLúcia Elande
942 _2AGRIS
_n0
_cANA
999 _c118046
_d118046